| 000 | 00000nas 2200000zi 4500 |
| 001 | 9.933282 |
| 003 | CaOODSP |
| 005 | 20240212134144 |
| 006 | m o d f |
| 007 | cr ||||||||||| |
| 008 | 240201d20132013abcar p o f0###b0fre|d |
| 040 | |aCaOODSP|bfre|erda|cCaOODSP |
| 043 | |an-cn--- |
| 086 | 1 |aNE2-32F-PDF |
| 110 | 1 |aCanada. |bOffice national de l'énergie, |eauteur,|eorganisme de publication. |
| 245 | 10|aÉtats financiers prospectifs. |
| 264 | 1|a[Calgary] : |bOffice national de l'énergie = National Energy Board, |c[2013-2013] |
| 310 | |aAnnuel |
| 336 | |atexte|btxt|2rdacontent/fre |
| 337 | |ainformatique|bc|2rdamedia/fre |
| 338 | |aressource en ligne|bcr|2rdacarrier/fre |
| 362 | 1 |aParaît depuis : 2013/2014; ne paraît plus après : 2013/2014. |
| 500 | |aPublié aussi en anglais sous le titre : Future-oriented financial statements. |
| 515 | |aL'année d'activité se termine le 31 mars. |
| 588 | |aDescription d'après : 2013/2014. |
| 588 | |aDernière livraison consultée : 2013/2014. |
| 610 | 16|aCanada. |bOffice national de l'énergie|xCrédits budgétaires et dépenses|vPériodiques. |
| 650 | 6|aFinances publiques|zCanada|vPériodiques. |
| 655 | 7|aPériodiques|2rvmgf |
| 775 | 08|tFuture-oriented financial statements.|w(CaOODSP)9.933283 |
| 785 | 00|tÉtat des résultats prospectif / |w(CaOODSP)9.933285 |